[Event "CAN-ch"]
[Site "Montreal"]
[Date "2012.08.10"]
[Round "8"]
[White "Humphreys, Michael"]
[Black "Chabot, Roland"]
[Result "1-0"]
[WhiteElo "2179"]
[BlackElo "2231"]
[PlyCount "63"]
[EventDate "2012.08.04"]
[EventType "swiss"]
[EventRounds "9"]
[EventCountry "CAN"]
[SourceTitle "EXT 2022"]
[Source "ChessBase"]
[SourceDate "2021.10.06"]
[SourceVersion "1"]
[SourceVersionDate "2021.10.06"]
[SourceQuality "1"]

1. Nf3 d6 2. d4 g6 3. c4 f5 4. Nc3 Nf6 5. e3 Bg7 6. Qc2 0-0 7. Be2 Nc6 8. 0-0 e5 9. dxe5 dxe5 10. Rd1 Qe7 11. Nd5 Nxd5 12. cxd5 Nd8 13. e4 f4 14. h3 Nf7 15. Rd3 Nd6 16. Rc3 Rf7 17. Bd2 Ne8 18. Rc1 Qd6 19. Ng5 Re7 20. Bg4 Bxg4 21. hxg4 h6 22. Ne6 Rc8 23. Rb3 c5 24. Rc3 b6 25. b4 c4 26. Rxc4 Rxc4 27. Qxc4 Rxe6 28. dxe6 Qxd2 29. e7+ Kh7 30. Qc6 Nf6 31. Rf1 Nxg4 32. e8Q 1-0

[Event "CAN-ch"]
[Site "Montreal"]
[Date "2012.08.07"]
[Round "5"]
[White "Humphreys, Michael"]
[Black "Anastasovski, Nikola"]
[Result "1-0"]
[WhiteElo "2179"]
[BlackElo "2070"]
[PlyCount "107"]
[EventDate "2012.08.04"]
[EventType "swiss"]
[EventRounds "9"]
[EventCountry "CAN"]
[SourceTitle "CBM 149 Extra"]
[Source "ChessBase"]
[SourceDate "2012.08.24"]
[SourceVersion "1"]
[SourceVersionDate "2012.08.24"]
[SourceQuality "1"]

1. Nf3 c5 2. c4 Nc6 3. g3 e5 4. Nc3 g6 5. Bg2 Bg7 6. a3 d6 7. 0-0 Be6 8. d3 h6 9. Rb1 f5 10. e4 Qd7 11. Nh4 Nge7 12. exf5 gxf5 13. Nd5 0-0 14. b4 Bxd5 15. cxd5 Nd4 16. Qh5 Rf6 17. bxc5 dxc5 18. d6 Nec6 19. f4 Re8 20. Rxb7 Qe6 21. Rc7 Rd8 22. Bxc6 Qxd6 23. Rxg7+ Kxg7 24. Bg2 Rb8 25. Kh1 Rb1 26. fxe5 Qxe5 27. Bxh6+ Rxh6 28. Qg5+ Kf7 29. Rxb1 Rb6 30. Qh5+ Kg7 31. Qg5+ Kf7 32. Rf1 Qf6 33. Bd5+ Ke7 34. Re1+ Kd7 35. Qxf6 Rxf6 36. Bc4 f4 37. Rf1 f3 38. Bd5 f2 39. Bf3 Ra6 40. Rxf2 Rxa3 41. Be4 a5 42. Rf7+ Ke6 43. Ra7 Ra2 44. Ra6+ Kd7 45. Nf3 Nc2 46. Ne5+ Ke8 47. Ra7 Nb4 48. h4 a4 49. h5 a3 50. h6 Ra1+ 51. Kh2 a2 52. h7 Rh1+ 53. Kxh1 a1Q+ 54. Rxa1 1-0

[Event "Quebec-ch op"]
[Site "Montreal"]
[Date "2012.07.24"]
[Round "5"]
[White "Humphreys, Michael"]
[Black "Qin, Zi Yi"]
[Result "0-1"]
[WhiteElo "2179"]
[BlackElo "2198"]
[PlyCount "88"]
[EventDate "2012.07.21"]
[EventType "swiss"]
[EventRounds "9"]
[EventCountry "CAN"]
[SourceTitle "CBM 149 Extra"]
[Source "ChessBase"]
[SourceDate "2012.08.24"]
[SourceVersion "1"]
[SourceVersionDate "2012.08.24"]
[SourceQuality "1"]

1. Nf3 Nf6 2. c4 g6 3. g3 Bg7 4. Bg2 d6 5. d4 0-0 6. Nc3 c6 7. 0-0 Qa5 8. Qd2 e5 9. d5 c5 10. a3 a6 11. Rb1 Qc7 12. e4 Nbd7 13. Ne1 Ne8 14. Nd3 f5 15. f4 b5 16. exf5 bxc4 17. Nxe5 Nxe5 18. fxe5 Bxf5 19. Be4 Bxe5 20. Bxf5 gxf5 21. Qe2 Ng7 22. Qxc4 Rf6 23. Ne2 Re8 24. Bf4 Qb7 25. b4 Bxf4 26. Nxf4 Re4 27. Qc3 Qe7 28. bxc5 dxc5 29. Rb8+ Rf8 30. Rxf8+ Kxf8 31. Ne6+ Nxe6 32. Qh8+ Kf7 33. dxe6+ Kxe6 34. Qc8+ Qd7 35. Qxa6+ Ke5 36. Qb6 Qd4+ 37. Kh1 Qd5 38. Qb8+ Kf6 39. Qf8+ Kg6 40. Kg1 Re2 41. Rf2 Re1+ 42. Rf1 Qd4+ 43. Kg2 Re2+ 44. Kh1 Qe4+ 0-1

[Event "Quebec-ch op"]
[Site "Montreal"]
[Date "2012.07.22"]
[Round "2"]
[White "Humphreys, Michael"]
[Black "Panjwani, Raja"]
[Result "0-1"]
[WhiteElo "2179"]
[BlackElo "2392"]
[PlyCount "120"]
[EventDate "2012.07.21"]
[EventType "swiss"]
[EventRounds "9"]
[EventCountry "CAN"]
[SourceTitle "CBM 149 Extra"]
[Source "ChessBase"]
[SourceDate "2012.08.24"]
[SourceVersion "1"]
[SourceVersionDate "2012.08.24"]
[SourceQuality "1"]

1. Nf3 c5 2. c4 Nf6 3. Nc3 e6 4. g3 Be7 5. Bg2 0-0 6. 0-0 a6 7. b3 Qc7 8. Bb2 d6 9. d4 cxd4 10. Nxd4 Nbd7 11. Rc1 Re8 12. e3 Ne5 13. f4 Ng6 14. Kh1 Bd7 15. h3 h6 16. Nf3 Rac8 17. g4 Nh7 18. f5 Ngf8 19. Nd4 Rb8 20. Qf3 Bf6 21. Qf2 Qd8 22. fxe6 fxe6 23. Ne4 Be5 24. Nxd6 Re7 25. c5 Qc7 26. N4b5 Bxb5 27. Bxe5 Bxf1 28. Rxf1 Qxc5 29. Nc4 Rd8 30. Bd4 Qg5 31. Ne5 Rxd4 32. exd4 Ng6 33. Qc2 Ngf8 34. Qc8 Nf6 35. Kh2 Qe3 36. Qc5 Re8 37. Bxb7 Rd8 38. Nf3 Ng6 39. Qc1 Qe2+ 40. Kg1 Qxa2 41. Qe3 Rd6 42. Bc8 Nf8 43. g5 hxg5 44. Nxg5 Rb6 45. d5 Qxb3 46. Qxb3 Rxb3 47. Nxe6 Nxe6 48. Bxe6+ Kf8 49. Ra1 Rb6 50. Bc8 Nxd5 51. Rxa6 Rb1+ 52. Kf2 Rc1 53. Bg4 Ke7 54. Re6+ Kf7 55. Re1 Rxe1 56. Kxe1 Kf6 57. Kf2 Ke5 58. Kg3 Nf6 59. Bc8 Ke4 60. Kh4 Kf4 0-1